| 000 | 00403nam a2200157 a 4500 | ||
|---|---|---|---|
| 999 |
_c4342 _d4342 |
||
| 001 | 4342 | ||
| 003 | CDMR | ||
| 005 | 20231018130736.0 | ||
| 008 | 130130s1999||||||||||||||||||||||||||||d | ||
| 020 | _a8476099258 | ||
| 040 |
_aCDMR _bcat _cCDMR |
||
| 245 | 3 |
_aEl Besòs _b: el riu que mirava passar els trens |
|
| 260 |
_aBarcelona _c1999 _bAjuntament de Barcelona |
||
| 700 | 0 |
_93026 _aColita |
|
| 942 |
_cMON _2udc |
||